000 00356nam a2200145Ia 4500
008 230711s9999||||xx |||||||||||||| ||und||
041 _aENG
082 _a624
_bNA-S
100 _aNarinder SIngh
245 0 _aSurveying
250 _a1st . Ed.
260 _c1994
_aNew Delhi
_bTata McGraw Hill Education Limited
650 _aCivil Engineering
942 _cBK
999 _c8340
_d8340